Orissa under the East India Company (Record no. 351788)

000 -LEADER
fixed length control field 00422cam a22001337a 4500
008 - FIXED-LENGTH DATA ELEMENTS--GENERAL INFORMATION
fixed length control field 180718b1971 xxu||||| |||| 00| 0 eng d
082 ## - DEWEY DECIMAL CLASSIFICATION NUMBER
Classification number B6x5414 P274
100 ## - MAIN ENTRY--PERSONAL NAME
Personal name Patra, K.M.
245 ## - TITLE STATEMENT
Title Orissa under the East India Company
Statement of responsibility, etc. by K.M. Patra
260 ## - PUBLICATION, DISTRIBUTION, ETC.
Place of publication, distribution, etc. Delhi
Name of publisher, distributor, etc. Munshiram Manoharlal
Date of publication, distribution, etc. 1971
300 ## - PHYSICAL DESCRIPTION
Extent 351p.
650 ## - SUBJECT ADDED ENTRY--TOPICAL TERM
Topical term or geographic name entry element Orissa (India) --Politics and government.
650 ## - SUBJECT ADDED ENTRY--TOPICAL TERM
Topical term or geographic name entry element Finance, Public --India --Orissa --History
Holdings
Withdrawn status Lost status Damaged status Not for loan Permanent Location Current Location Date acquired Full call number Barcode Date last seen Price effective from Koha item type
        Indian Institute of Public Administration Indian Institute of Public Administration 1993-11-17 B6x5414 P274 53501 2018-07-21 2018-07-21 Book

Powered by Koha